000 004990000a22001810004500
003 MACL
005 20160302133424.0
008 160302b xxu||||| |||| 00| 0 eng d
040 _aMACL
_cMACL
041 _aHindi
082 _a891.431
100 _aरमेश रंजक
_942014
245 _aमिटटी बोलती है
260 _bअक्षर प्रकाशन
_c1980
_aदिल्‍ली
350 _a15
650 _aPoetry
_942015
942 _cHIN
_k891.431
_2ddc
999 _c28841
_d28841